La misericordia. Clave del Evangelio y de la vida cristiana.
Uloženo v:
| Hlavní autor: | |
|---|---|
| Médium: | Kniha |
| Jazyk: | španělština |
| Vydáno: |
Santander, España:
Sal Terrae,
2015.
|
| Vydání: | 2a. edición. |
| Edice: | Colección Presencia Teológica,
|
| Témata: | |
| Tagy: |
Přidat tag
Žádné tagy, Buďte první, kdo vytvoří štítek k tomuto záznamu!
|
MARC
| LEADER | 00000cam a2200000 a 4500 | ||
|---|---|---|---|
| 001 | UCD5468 | ||
| 003 | CL-VaPUC | ||
| 005 | 20230801113649.0 | ||
| 008 | 160908e20150000sp |||||||||||||||||spa|d | ||
| 999 | |c 366129 |d 366127 | ||
| 020 | |a 978-84-293-2507-2 | ||
| 040 | |c Pontificia Universidad Católica de Valparaíso | ||
| 082 | 0 | 4 | |a 212.7 KAS 2015 |2 21 |
| 100 | |a Kasper, Walter |e autor |9 597382 | ||
| 245 | 1 | 3 | |a La misericordia. |b Clave del Evangelio y de la vida cristiana. |
| 250 | |a 2a. edición. | ||
| 260 | |a Santander, España: |b Sal Terrae, |c 2015. | ||
| 300 | |a 281 páginas. | ||
| 490 | 0 | |a Colección Presencia Teológica, |n 193. | |
| 500 | |a c.2 Donación Sr. Jorge Precht Pizarro. 26-05-23. Biblioteca Teología. | ||
| 583 | |a last modification |c 20160908 17:08:00 |k Rodrigo Vera | ||
| 650 | 0 | |a Misericordia |9 315519 |x Fundamentos históricos y religiosos |y Siglos 20 y 21 | |
| 650 | 0 | |a Dios |9 266622 |x Atributos |x Misericordia divina | |
| 942 | |c BK |2 ddc | ||
| 945 | |d 20160908 17:08:00 |a dcastane | ||
| 952 | |0 0 |1 0 |3 erb |4 0 |6 212_700000000000000_KAS_2015 |7 0 |8 A |9 480173 |a BIBTEO |b BIBTEO |i 534106K |o 212.7 KAS 2015 |p 534106K |r 2025-01-17 |w 2019-11-24 |y BK |z Catalogado en:20160908 |k ICR | ||
| 952 | |0 0 |1 0 |2 ddc |4 0 |6 212_700000000000000_KAS_2015 |7 0 |8 A |9 591067 |a BIBTEO |b BIBTEO |c GEN |d 2023-08-01 |e Donación |i 5658241 |o 212.7 KAS 2015 |p 5658241 |r 2025-01-17 |t 2 |w 2023-08-01 |y BK |k ICR | ||